000 00677nam a22001815i 4500
001 68564
003 ES-MaACL
005 20230906170315.0
007 t|
008 960808s1884 sp ||||1| spa d
040 _aCAM
_bspa
_cCAM
100 1 _aGarrucci, Raffaele.
_955786
245 1 3 _aEl Augusto de la Villa Veientana /
_cdescrito por Rafael Garrucci ; traducido del italiano por Adolfo Herrera.
260 _aMadrid :
_b[s.n.],
_c1884 (
_fTip. de Manuel G. Hernández)
300 _a[6], 9 p., [1] h. de lám. ;
_c34 cm.
700 1 _aHerrera, Adolfo.
_963179
852 _aES-MaACL
_jT-1088-F-17
_z.- Dedicatoria manuscrita del traductor Adolfo Herrera D. Manuel de Vargas
999 _c68564
_d68564